Concurs de narracions breus 2006 : 75è Aniversari Torribera 75è Aniversari Torribera
Descripción Física:
83 p. ; 21 cm
Materias:
Prosa catalana -- S. XX
MARC
| LEADER | 00000nam a2200000Ia 4500 | ||
|---|---|---|---|
| 001 | 20704 | ||
| 008 | 160829s2006 xx 000 0 cat d | ||
| 080 | |a L-2-99 | ||
| 245 | |a Concurs de narracions breus 2006 : |b 75è Aniversari Torribera | ||
| 260 | |a Barcelona : |b Diputació de Barcelona, |c 2006 | ||
| 300 | |a 83 p. ; |c 21 cm | ||
| 650 | |a Prosa catalana |x S. XX |9 40740 | ||
| 710 | 2 | |a Centres Assistencials Dr. Emili Mira i López |9 52938 | |
| 710 | 1 | |a Barcelona (Catalunya : Província). |b Diputació |9 52408 | |
| 901 | |a Arxiu | ||
| 942 | |n 1 | ||
| 952 | |0 0 |1 0 |4 0 |6 L299 |7 1 |9 49883 |a Arxiu |b Arxiu |d 2016-12-01 |l 0 |o L-2-99 |p 20704 |r 2016-12-01 00:00:00 |w 2016-12-01 |y ARXIU | ||
| 999 | |c 53725 |d 53725 | ||